| 000 | 00786nam a22001937a 4500 | ||
|---|---|---|---|
| 005 | 20240726114348.0 | ||
| 010 | _aHIN-128005 | ||
| 020 |
_c175.00 _a9788187770077 |
||
| 035 | _aHN-100351 | ||
| 037 | _bDBAD | ||
| 082 | _a821 | ||
| 100 |
_aशुक्ल, दिनेश कुमार _968935 |
||
| 245 |
_aललमुनियाँ की दुनिया/ _cदिनेश कुमार शुक्ल |
||
| 260 |
_aइलाहबाद _bअनामिका प्रकाशन _c2008 |
||
| 270 |
_a52, तुलारामबाग _bइलाहाबाद _k0532-2505090 _k9415347186 |
||
| 300 |
_a104 पृ. _c22 सेमी. (सजिल्द) |
||
| 650 |
_aहिन्दी _968936 |
||
| 942 |
_2ddc _cHN _h821 _mशुक्लदि |
||
| 999 |
_c204207 _d204207 |
||